Name the Footballer from the Picture - Statistics

General Stats
  • This quiz has been taken 40 times
  • The average score is 16 of 20
Answer Stats
Picture Answer % Correct
Lionel Messi
100%
Cristiano Ronaldo
97%
Neymar Jr.
95%
Mohamed Salah
86%
Harry Kane
84%
Robert Lewandowski
84%
Antoine Griezmann
81%
Zlatan Ibrahimovic
81%
Eden Hazard
78%
Luis Suarez
78%
Manuel Neuer
78%
Paul Pogba
78%
Mesut Ozil
76%
Gianluigi Buffon
73%
Thomas Muller
70%
Giorgio Chiellini
68%
Karim Benzema
68%
Marco Reus
65%
James Rodriguez
62%
Edinson Cavani
59%
No matching quizzes found
Score Distribution
Percent of People with Each Score
Percentile by Number Answered
Your Score History
You have not taken this quiz